000 00469nam a22001817a 4500
003 CEME
005 20210628210737.0
008 210212b xxu||||| |||| 00| 0 eng d
020 _a0-19-833440-X
040 _c.
082 _a519.4 DIE
100 _aDierckx, Paul
_980805
245 _aCurve and surface fitting with splines
260 _aOXFORD
_bCLARENDON PRESS
_c1995
300 _aXVII,283P
650 _aCRUVE FITTING SPLINE THEORY
_980806
942 _cBK
_2ddc
999 _c585677
_d585677